00651 2200229 4500001002100000005001500021035002000036008004100056245008200097100002300179250001000202260003800212300003100250020002200281084001600303082001000319650001800329504002500347711002700372990001100399990001100410INLIS00000000001177120220620101037 a0010-0622000281220620 a 0 ind 1 aSirah Nabawiyyah For Kids /cIkhlas Hibatillah; editor, Tim Banu Bakti Bangsa aIKHLAS, Hibatillah acet.1 a[s.l.] :bSenja Publishing,c2019 a95 hal. :bilus. ;c26 cm. a978-602-6563-89-7 a297.2 IKH s a297.2 4aISLAM. HADITS aBibliografi : hal.950 aTIM, Banu Bakti Bangsa a7658 a a7658 b